[Event "Nittenau-ch 5th"]
[Site "Nittenau"]
[Date "2005.09.01"]
[Round "1"]
[White "Schweizer, Manfred"]
[Black "Wachelka, Artur"]
[Result "1-0"]
[WhiteElo "1944"]
[BlackElo "1542"]
[PlyCount "43"]
[EventDate "2005.09.01"]
[EventType "swiss"]
[EventRounds "7"]
[EventCountry "GER"]
[SourceTitle "EXT 2008"]
[Source "ChessBase"]
[SourceDate "2007.11.25"]
[SourceVersion "1"]
[SourceVersionDate "2007.11.25"]
[SourceQuality "1"]

1. e4 c5 2. d4 cxd4 3. c3 dxc3 4. Nxc3 e6 5. Bc4 a6 6. Nf3 Nc6 7. 0-0 Bc5 8. Qe2 Nge7 9. Bf4 Ng6 10. Bg3 b5 11. Bb3 Bb7 12. Rac1 Qb6 13. Rfd1 Rd8 14. h4 Nge7 15. Nd5 exd5 16. exd5 0-0 17. dxc6 dxc6 18. Rxd8 Rxd8 19. Ng5 Nd5 20. Qh5 h6 21. Qxf7+ Kh8 22. Ne6 1-0